A True relation of the taking of Mountjoy in the county of Tyrone by Collonell Clotworthy having 600 of his men there with him in Ireland : as also what was done by the remaindor of his regiment as Antrium in his absence.

Bibliographic Details
Format: eBook
Language:English
Published: London : Printed by R. Oulton and G. Dexter, August 4, 1642.
Series:Early English books online.
Subjects:
Online Access:Connect to the full text of this electronic book

MARC

Tag First Indicator Second Indicator Subfields
LEADER 00000nam a2200000Ia 4500
001 in00004268317
005 20200810073217.0
006 m g d
007 cr bn |||a|bb|
008 850711s1642 enk o 00| | eng d
035 |a (OCoLC)12253090 
040 |a EAA  |c EAA  |d UMI  |d WaOLN 
037 |a CL0037000007  |b ProQuest Information and Learning. 300 N. Zeeb Rd., Ann Arbor, MI 48106 
049 |a UMIA 
245 0 2 |a A True relation of the taking of Mountjoy in the county of Tyrone by Collonell Clotworthy having 600 of his men there with him in Ireland :  |b as also what was done by the remaindor of his regiment as Antrium in his absence. 
260 |a London :  |b Printed by R. Oulton and G. Dexter,  |c August 4, 1642. 
300 |a 1 online resource ([7] pages) 
336 |a text  |b txt  |2 rdacontent 
337 |a computer  |b c  |2 rdamedia 
338 |a online resource  |b cr  |2 rdacarrier 
500 |a Reproduction of original in Thomason Collection, British Library. 
510 4 |a Wing  |c T3050 
533 |a Electronic reproduction.  |b Ann Arbor, Mich. :  |c UMI,  |d 1999-  |f (Early English books online)  |n Digital version of: (Early English books, 1641-1700 ; 246:E108, no 47)  |7 s1999 miun s 
600 1 0 |a Massereene, John Clotworthy,  |c Viscount,  |d d. 1665. 
651 0 |a Tyrone (Northern Ireland)  |x History. 
830 0 |a Early English books online. 
856 4 0 |u http://proxy.library.tamu.edu/login?url=https://search.proquest.com/docview/2240955719  |z Connect to the full text of this electronic book  |t 0 
999 f f |s 399589ca-b450-3545-b978-fa3c9e13ca47  |i 3e6e81f0-1bfe-3813-afc2-e6c3af5cf158  |t 0 
952 f f |a Texas A&M University  |b College Station  |c Electronic Resources  |d Available Online  |t 0  |h No information provided 
998 f f |t 0  |l Available Online